| 000 | 00345nam a22001457a 4500 | ||
|---|---|---|---|
| 020 | _a978-81-8204-074-8 | ||
| 082 |
_a641.61 _bMAN |
||
| 100 | _aMANGAL, RAKESH | ||
| 245 | _aFOOD AND BEVERAGE SERVICE | ||
| 260 |
_aDELHI _bAMAN PUBLISHER _c2015 |
||
| 300 | _a341 | ||
| 650 | _aFOOD AND BEVERAGE | ||
| 653 | _aFOOD, BEVERAGE | ||
| 942 |
_2ddc _cBK _013 |
||
| 999 |
_c8108 _d8108 |
||